| 000 | 02622nam a2200349 i 4500 | ||
|---|---|---|---|
| 001 | 190767 | ||
| 003 | ES-MaACL | ||
| 005 | 20250825062644.0 | ||
| 008 | 220701s2022 sp a 001 0 spa | ||
| 020 | _a978-84-16300-97-6 | ||
| 040 | _cES-MaACL | ||
| 100 | 0 |
_aFraga, María Jesús _952067 _eaut |
|
| 245 | 1 | 0 |
_aGuía del Madrid de "Celia en la revolución" / _cMaría Jesús Fraga ; ilustraciones y diseño gráfico de Juan Millares Alonso ; prólogo de Fernando Castillo Cáceres. |
| 260 |
_aMadrid : _bUlises, _c[2022]. |
||
| 300 |
_a274 p. : _bil. col. y n., planos ; _c21 cm. |
||
| 490 | 1 |
_aEl mundo de Celia ; _v0 |
|
| 520 | _aSería difícil calcular cuántos kilómetros recorrió Celia por el Madrid de la Guerra Civil. Pero fueron muchos, según nos relata Elena Fortún en Celia en la revolución. Su condición de hija de un combatiente herido en el frente e internado en el Hospital Militar de Carabanchel y el deber de cuidar a sus hermanas pequeñas, alojadas en un albergue de la calle Serrano, la obligaron a cruzar la ciudad continuamente. Más tarde será la solidaridad con las amigas lo que justifica sus escalofriantes recorridos bajo las bombas. La mayoría de los desplazamientos durante el último año de la contienda tienen como finalidad el procurarse alimento. Son recorridos por un Madrid fantasmagórico de escombros, cafés decadentes y mercados ambulantes, que conforman lo que bien podría llamarse «geografía del hambre». Esta guía nos invita a acompañar a Celia en sus recorridos por la ciudad de Madrid y sus afueras, y descubrir con ella los lugares que marcaron la capital asediada: los parajes donde se abandonaban los fusilados, los edificios destruidos por las bombas, los locales de ocio... Algunos se conservan intactos, pero muchos otros han sido destruidos por la piqueta especulativa o por la voluntad de borrar toda huella de la contienda. | ||
| 600 | 1 | 7 |
_aFortún, Elena, _d1886-1952 _2embne _9166428 |
| 650 | 7 |
_aRutas literarias- _zMadrid _9138068 |
|
| 651 | 7 |
_aMadrid- _xEn la literatura _9138069 |
|
| 655 | 7 |
_2tgfbne _aLibros ilustrados _9193653 |
|
| 700 | 1 |
_aMillares Alonso, Juan _9174742 _eill |
|
| 700 | 0 |
_aCastillo Cáceres, Fernando _936728 _eaui |
|
| 830 |
_9239988 _aEl mundo de Celia ; _v0 |
||
| 852 | 4 |
_aES-MaACL _jA-14986 _9197949 _bR.153391 _cDEPO1 _dOlim: N-7986 _hDonación: Pilar Fernandez Vera |
|
| 903 |
_aFernández Vera, Pilar, _d1961- _ednr _949420 |
||
| 942 |
_cMONOGRAFIA _n0 |
||
| 999 |
_c190767 _d190767 |
||